Stations Named After Easter Rising Leaders - Statistics

General Stats
  • This quiz has been taken 12 times
  • The average score is 6 of 15
Answer Stats
First Name Station % Correct
James Dublin Connolly
90%
Pádraig/William Dublin Pearse
90%
Joseph Waterford Plunkett
70%
Seán Dublin Heuston
50%
Tom Dundalk Clarke
50%
Éamonn Galway Ceannt
50%
Roger Tralee Casement
50%
Thomas Kilkenny MacDonagh
30%
Seán Sligo MacDiarmada
30%
Edward Bray Daly
20%
Thomas Cork Kent
20%
John Drogheda MacBride
20%
Michael Dún Laoghaire Mallin
20%
Cornelius Limerick Colbert
20%
Michael Wexford O'Hanrahan
20%
No matching quizzes found
Score Distribution
Percent of People with Each Score
Percentile by Number Answered
Your Score History
You have not taken this quiz